Plant propagation: principles and practices
Saved in:
| Main Authors: | , , |
|---|---|
| Format: | Bog |
| Sprog: | engelsk |
| Udgivet: |
Englewood Cliffs
Prentice Hall
1990
|
| Udgivelse: | 5a. ed |
| Fag: | |
| Tags: |
Tilføj Tag
Ingen Tags, Vær først til at tagge denne postø!
|
MARC
| LEADER | 00000nam a2200000 a 4500 | ||
|---|---|---|---|
| 001 | UCZ1059 | ||
| 003 | CL-VaPUC | ||
| 008 | 950810e19900000US |||||||||||||||||eng|d | ||
| 082 | 0 | 4 | |a 631.53 |b HAR |2 21 |
| 100 | |a Hartmann, Hudson T |e author |9 567477 | ||
| 700 | 0 | |a Kester, Dale E |e author |9 344466 | |
| 700 | 0 | |a Davies, Fred T |e author |9 344467 | |
| 245 | 1 | 0 | |a Plant propagation: principles and practices |
| 250 | |a 5a. ed | ||
| 300 | |a 647 p | ||
| 942 | |c BK | ||
| 945 | |d 19950810 00:00:00 |a awong | ||
| 260 | |a Englewood Cliffs |b Prentice Hall |c 1990 | ||
| 650 | 0 | |a Propagación de plantas |9 339631 | |
| 650 | 7 | |a METODOS |2 CL-VaPUC |9 335948 | |
| 650 | 0 | |a Semillas |9 264396 | |
| 650 | 0 | |a Injerto |9 339632 | |
| 650 | 0 | |a Propagación vegetativa |9 259683 | |
| 583 | |a last modification |c 20120903 11:29:40 |k Rodrigo Vera | ||
| 999 | |c 237897 |d 237895 | ||